|
|
|
|
| LEADER |
01026cam a2200289 7i4500 |
| 001 |
0000034877 |
| 005 |
20180301090000.0 |
| 007 |
##ta |
| 008 |
180301s2018 sz b 001 0 eng d |
| 020 |
# |
# |
|a 9783319658452
|
| 040 |
# |
# |
|a MATR
|
| 090 |
0 |
0 |
|a AFRI 338.04082
|b BOA
|
| 100 |
1 |
# |
|a Boateng, Amanobea
|e author
|
| 245 |
1 |
0 |
|a AFRICAN FEMALE ENTREPRENEURSHIP :
|b Merging Profit and Social Motives for The Greater Good
|c Amanobea Boateng.
|
| 264 |
# |
1 |
|a Cham, Switzerland:
|b Palgrave Macmillan,
|c 2018.
|
| 300 |
# |
# |
|a xix, 146 pages;
|c 22 cm.
|
| 336 |
# |
# |
|a text
|2 rdacontent
|
| 337 |
# |
# |
|a unmediated
|2 rdamedia
|
| 338 |
# |
# |
|a volume
|2 rdacarrier
|
| 504 |
# |
# |
|a Includes bibliographical references and index
|
| 650 |
# |
0 |
|a Entrepreneurship --
|z Africa
|
| 650 |
# |
0 |
|a Businesswomen --
|z Africa
|
| 650 |
# |
0 |
|a Self-employed women
|
| 650 |
# |
0 |
|a African American women
|
| 650 |
# |
0 |
|a African American self-employed
|
| 999 |
|
|
|a 0000040136
|b Book
|c Regions
|e Business Information Centre
|
| 999 |
|
|
|a 0000040046
|b Book
|c Regions
|e Business Information Centre
|